Estudio histórico, crítico y filológico sobre las Cantigas del rey don Alfonso el Sabio / (Record no. 48069)

MARC details
000 -LEADER
campo de control de longitud fija 00801nam a22002175i 4500
001 - NÚMERO DE CONTROL
campo de control 48069
003 - IDENTIFICADOR DE NÚMERO DE CONTROL
campo de control ES-MaACL
005 - FECHA Y HORA DE LA ÚLTIMA TRANSACCIÓN
campo de control 20250813063305.0
007 - CAMPO FIJO DE DESCRIPCIÓN FÍSICA--INFORMACIÓN GENERAL
campo de control de longitud fija t|
008 - DATOS DE LONGITUD FIJA--INFORMACIÓN GENERAL
campo de control de longitud fija 940206s1897 sp ||||1| spa d
040 ## - FUENTE DE CATALOGACIÓN
Centro catalogador/agencia de origen CAM
Lengua de catalogación spa
100 1# - ENTRADA PRINCIPAL--NOMBRE DE PERSONA
Nombre de persona Cueto, Leopoldo Augusto de,
Títulos y otros términos asociados al nombre Marqués de Valmar,
Fechas asociadas al nombre 1815-1901
9 (RLIN) 42077
245 10 - MENCIÓN DEL TÍTULO
Título Estudio histórico, crítico y filológico sobre las Cantigas del rey don Alfonso el Sabio /
Mención de responsabilidad, etc. por el Marqués de Valmar.
250 ## - MENCION DE EDICION
Mención de edición 2ª ed.
260 ## - PUBLICACIÓN, DISTRIBUCIÓN, ETC.
Lugar de publicación, distribución, etc. Madrid :
Nombre del editor, distribuidor, etc. Real Academia Española,
Fecha de publicación, distribución, etc. 1897 (
Fabricante Sucesores de Rivadeneyra)
300 ## - DESCRIPCIÓN FÍSICA
Extensión XXII, 401, [1] p. ;
Dimensiones 23 cm.
630 04 - PUNTO DE ACCESO ADICIONAL DE MATERIA--TÍTULO UNIFORME
Título uniforme Cantigas de Santa María.
Subencabezamiento de forma Crítica textual.
9 (RLIN) 119666
710 2# - ENTRADA AGREGADA--NOMBRE DE ENTIDAD CORPORATIVA
Nombre de entidad corporativa o nombre de jurisdicción como elemento de entrada Real Academia Española
9 (RLIN) 6336
852 ## - LOCALIZACIÓN
Ubicación ES-MaACL
Número de control de estantería Z-95
Encuadernación Olim: F-7098
Holdings
Estatus retirado Estado de pérdida Estado de daño No para préstamo Colección Biblioteca de origen Biblioteca actual Ubicación en estantería Fecha de adquisición Fuente de adquisición Total de préstamos Signatura topográfica completa Código de barras Visto por última vez Precio de reemplazo Tipo de ítem Koha
        Libros del s. XIX Biblioteca del Ateneo de Madrid Biblioteca del Ateneo de Madrid Depósito 17/01/2008     Z-95 1050591 23/02/2023 23/02/2023 Libro impreso antiguo